Catalogue annuel de la librairie française / (Record no. 185165)

MARC details
000 -LEADER
campo de control de longitud fija 00631nas a2200205 i 4500
001 - NÚMERO DE CONTROL
campo de control 185165
003 - IDENTIFICADOR DE NÚMERO DE CONTROL
campo de control ES-MaACL
005 - FECHA Y HORA DE LA ÚLTIMA TRANSACCIÓN
campo de control 20250217134917.0
008 - DATOS DE LONGITUD FIJA--INFORMACIÓN GENERAL
campo de control de longitud fija 160331d18591872 | | ||pa d
245 00 - MENCIÓN DEL TÍTULO
Título Catalogue annuel de la librairie française /
Mención de responsabilidad, etc. publié par Ch. Reinwald.
260 ## - PUBLICACIÓN, DISTRIBUCIÓN, ETC.
Lugar de publicación, distribución, etc. Paris :
Nombre del editor, distribuidor, etc. Ch. Reinwald,
Fecha de publicación, distribución, etc. 1859-1872.
300 ## - DESCRIPCIÓN FÍSICA
Extensión 3 v. ;
Dimensiones 22 cm.
310 ## - PERIODICIDAD ACTUAL
Periodicidad actual Anual
650 #4 - PUNTO DE ACCESO ADICIONAL DE MATERIA--TÉRMINO DE MATERIA
Término de materia o nombre geográfico como elemento de entrada Bibliografía.
9 (RLIN) 10516
651 #4 - PUNTO DE ACCESO ADICIONAL DE MATERIA--NOMBRE GEOGRÁFICO
Nombre geográfico Francia-
Subdivisión de forma Bibliografías.
9 (RLIN) 159254
700 1# - ENTRADA AGREGADA--NOMBRE PERSONAL
Nombre de persona Reinwald, Charles-Ferdinand (
Fechas asociadas al nombre 1812-1891)
9 (RLIN) 159260
852 ## - LOCALIZACIÓN
Ubicación ES-MaACL
Número de control de estantería G-6112-14
866 #0 - MENCIÓN TEXTUAL DE FONDOS--UNIDAD BIBLIOGRÁFICA BÁSICA
Fondos 1860, 1862, 1863.
Holdings
Estatus retirado Estado de pérdida Estado de daño No para préstamo Colección Biblioteca de origen Biblioteca actual Ubicación en estantería Fecha de adquisición Fuente de adquisición Total de préstamos Signatura topográfica completa Código de barras Visto por última vez Precio de reemplazo Tipo de ítem Koha
        Periódicos y Revistas Biblioteca del Ateneo de Madrid Biblioteca del Ateneo de Madrid Depósito 2 31/03/2016     G-6112-14 1195045 23/02/2023 23/02/2023 Revista